000 00619nam a2200229Ia 4500
005 20241129111312.0
008 241129s9999||||xx |||||||||||||| ||und||
020 _a978-1-032-16023-8
037 _aTB
040 _aCRL
_beng
_cCRL
041 _aeng
_2eng
084 _aNW6:g R3
_qCRL
100 _aSawadogo Boukary Au.
_9724013
245 0 _aAfrican film studies: an introduction
_cSawadogo Boukary Au.
250 _a2nd
260 _aLondon, UK
_bRoutledge
_c2023
300 _axiv,168p.
365 _aUKP
_b26.99
650 _aFine ArtsCinema
942 _cTB
_hNW6:g R3
999 _c1229827
_d1229827